[Event "Pereira op"]
[Site "Pereira"]
[Date "2023.09.23"]
[Round "1"]
[White "Cardona Marin, Fabio"]
[Black "Granada, Jorge E"]
[Result "1/2-1/2"]
[WhiteElo "1832"]
[BlackElo "1530"]
[PlyCount "42"]
[EventDate "2023.09.23"]
[EventType "swiss"]
[EventRounds "6"]
[EventCountry "COL"]
[SourceTitle "EXT 2024"]
[Source "ChessBase"]
[SourceDate "2023.10.10"]
[SourceVersion "1"]
[SourceVersionDate "2023.10.10"]
[SourceQuality "1"]

1. d4 d5 2. Nf3 Nf6 3. c4 e6 4. Nc3 c5 5. e3 Nc6 6. Be2 Be7 7. 0-0 0-0 8. a3 Re8 9. dxc5 Bxc5 10. b4 Bf8 11. Bb2 dxc4 12. Bxc4 a6 13. Rc1 b5 14. Be2 Qxd1 15. Rfxd1 Bb7 16. h3 Rad8 17. Nd2 Rd6 18. Nb3 Rxd1+ 19. Rxd1 Rd8 20. Bf3 Rxd1+ 21. Nxd1 Nd7 1/2-1/2